000 00766nam a2200229 i 4500
001 104624
003 ES-MaACL
005 20230906183642.0
007 t|
008 051202s1954 mx ||||1| spa d
080 _a7:061.43(72)"19"
100 0 _aFernández, Justino.
_949395
245 1 0 _aCatálogo de las exposiciones de arte en 1953 /
_cJustino Fernández.
260 _aMéxico :
_b[s.n.], 1954 (
_fImp. Universitaria)
300 _a47 p. ;
_c23 cm.
500 _a"Suplemento del núm. 22 de los Anales del Instituto de Investigaciones Estéticas"
650 4 _aExposiciones de arte-
_zMéxico.
_9162922
655 7 _2tgfbne
_9193628
_aCatálogos de exposiciones
852 _aES-MaACL
_j2336-F-6
942 _2udc
999 _c104624
_d104624